[Event "Wch U14"]
[Site "Montevideo"]
[Date "2017.09.25"]
[Round "10"]
[White "Tobak, Mikhail"]
[Black "Ojeda Venegas, Tomas Fernando"]
[Result "0-1"]
[WhiteElo "1631"]
[BlackElo "1972"]
[PlyCount "88"]
[EventDate "2017.09.17"]
[EventType "swiss"]
[EventRounds "11"]
[EventCountry "URU"]
[SourceTitle "EXT 2018"]
[Source "ChessBase"]
[SourceDate "2017.10.13"]
[SourceVersion "1"]
[SourceVersionDate "2017.10.13"]
[SourceQuality "1"]

1. d4 Nf6 2. c4 g6 3. Nc3 Bg7 4. e4 d6 5. Be2 0-0 6. g4 Nfd7 7. h4 Nc6 8. Be3 e5 9. d5 Nd4 10. h5 g5 11. h6 Bf6 12. Qd2 Kh8 13. Rh5 Nb6 14. b3 Rg8 15. f3 Nxe2 16. Qxe2 Nd7 17. Qd2 Be7 18. Nh3 f6 19. Nf2 Nf8 20. Nd3 Bd7 21. Kf2 Ng6 22. Rhh1 Nf4 23. Qc2 Rg6 24. Rh2 a5 25. Kg3 Bf8 26. Rah1 Rg8 27. Bf2 b6 28. Rc1 Ng6 29. Kg2 Ne7 30. Rhh1 Rg6 31. Rb1 Rxh6 32. Rhc1 Ng6 33. Bg3 Nf4+ 34. Kf2 Rh3 35. a3 Kg7 36. Nd1 h5 37. Bxf4 gxf4 38. Ke2 hxg4 39. N1f2 gxf3+ 40. Kd2 Rg3 41. Rg1 Kf7 42. Qd1 Bh6 43. Kc3 Qg8 44. Rh1 Qg6 0-1

[Event "Wch U14"]
[Site "Montevideo"]
[Date "2017.09.24"]
[Round "9"]
[White "Soto, Miguel Angel"]
[Black "Ojeda Venegas, Tomas Fernando"]
[Result "1-0"]
[WhiteElo "2192"]
[BlackElo "1972"]
[PlyCount "55"]
[EventDate "2017.09.17"]
[EventType "swiss"]
[EventRounds "11"]
[EventCountry "URU"]
[SourceTitle "CBM 180 Extra"]
[Source "ChessBase"]
[SourceDate "2017.10.06"]
[SourceVersion "1"]
[SourceVersionDate "2017.10.06"]
[SourceQuality "1"]

1. e4 e5 2. Nf3 Nf6 3. Nxe5 d6 4. Nf3 Nxe4 5. Nc3 Nxc3 6. dxc3 Be7 7. Be3 Nc6 8. Qd2 Be6 9. 0-0-0 Bxa2 10. b3 a5 11. Kb2 a4 12. Ra1 axb3 13. cxb3 Bxb3 14. Rxa8 Qxa8 15. Kxb3 Qa1 16. Nd4 0-0 17. Qb2 Qd1+ 18. Qc2 Qa1 19. Qxh7+ Kxh7 20. Bd3+ g6 21. Rxa1 Ne5 22. Be2 Nd7 23. Ra7 Rb8 24. Bf3 Nc5+ 25. Kc2 Kg7 26. Nb3 Nxb3 27. Kxb3 c6 28. Bb6 1-0

[Event "Wch U14"]
[Site "Montevideo"]
[Date "2017.09.20"]
[Round "5"]
[White "Ojeda Venegas, Tomas Fernando"]
[Black "Budisavljevic, Luka"]
[Result "1-0"]
[WhiteElo "1972"]
[BlackElo "2272"]
[PlyCount "99"]
[EventDate "2017.09.17"]
[EventType "swiss"]
[EventRounds "11"]
[EventCountry "URU"]
[SourceTitle "CBM 180 Extra"]
[Source "ChessBase"]
[SourceDate "2017.10.06"]
[SourceVersion "1"]
[SourceVersionDate "2017.10.06"]
[SourceQuality "1"]

1. e4 c5 2. Nf3 e6 3. d4 cxd4 4. Nxd4 a6 5. Bd3 Qb6 6. Nb3 Qc7 7. 0-0 Nf6 8. Qe2 d6 9. c4 Be7 10. f4 Nbd7 11. Nc3 0-0 12. Kh1 b6 13. Bd2 Bb7 14. Rae1 Rfd8 15. Nd4 Bf8 16. Nf3 Rac8 17. e5 Bxf3 18. Rxf3 Ng4 19. exd6 Qxd6 20. Ne4 Qe7 21. Bc3 Nc5 22. Nxc5 Qxc5 23. b4 Qe7 24. h3 Nf6 25. f5 Rc6 26. Qc2 e5 27. Rxe5 Qd7 28. Re1 Rd6 29. Rd1 Ne4 30. Be5 Rxd3 31. Rfxd3 Qxf5 32. Rxd8 Ng3+ 33. Bxg3 Qxc2 34. Re1 h5 35. Ree8 Kh7 36. Rxf8 Qxc4 37. Rd7 h4 38. Bf2 Qxb4 39. Rfxf7 Kg6 40. Rxg7+ Kf6 41. Rgf7+ Ke6 42. Rfe7+ Kf5 43. Re2 Qc4 44. Red2 b5 45. R7d4 Qc1+ 46. Kh2 Qc7+ 47. Rd6 b4 48. Bxh4 a5 49. R2d5+ Ke4 50. Bg3 1-0

[Event "Wch U14"]
[Site "Montevideo"]
[Date "2017.09.18"]
[Round "2"]
[White "Koustav, Chatterjee"]
[Black "Ojeda Venegas, Tomas Fernando"]
[Result "1-0"]
[WhiteElo "2214"]
[BlackElo "1972"]
[PlyCount "71"]
[EventDate "2017.09.17"]
[EventType "swiss"]
[EventRounds "11"]
[EventCountry "URU"]
[SourceTitle "CBM 180 Extra"]
[Source "ChessBase"]
[SourceDate "2017.10.06"]
[SourceVersion "1"]
[SourceVersionDate "2017.10.06"]
[SourceQuality "1"]

1. d4 Nf6 2. Bg5 g6 3. Bxf6 exf6 4. e3 d5 5. g3 Bd6 6. Bg2 c6 7. Nd2 0-0 8. Ne2 Be6 9. 0-0 Qd7 10. Rc1 Na6 11. a3 Rfd8 12. c4 dxc4 13. Nxc4 Bf8 14. Na5 Rac8 15. Nf4 Bh6 16. Nxe6 fxe6 17. Qb3 Rc7 18. Qc4 Nb8 19. b4 Rdc8 20. Rc2 b6 21. Nb3 Qf7 22. Rfc1 Bf8 23. Rc3 Kg7 24. R1c2 Bd6 25. Qf1 Qe8 26. Qc1 Qd7 27. Nd2 f5 28. Nc4 Kf8 29. e4 b5 30. Na5 Be7 31. exf5 gxf5 32. Nxc6 Nxc6 33. Bxc6 Qxd4 34. Qh6+ Kf7 35. Qxh7+ Qg7 36. Be8+ 1-0

[Event "CHI-ch U20"]
[Site "Maipu"]
[Date "2017.02.09"]
[Round "6.5"]
[White "Santana Gonzalez, Lenin"]
[Black "Ojeda Venegas, Tomas Fernando"]
[Result "1/2-1/2"]
[WhiteElo "1691"]
[BlackElo "1966"]
[PlyCount "55"]
[EventDate "2017.02.07"]
[EventType "swiss"]
[EventRounds "9"]
[EventCountry "CHI"]
[SourceTitle "EXT 2024"]
[Source "ChessBase"]
[SourceDate "2023.10.10"]
[SourceVersion "1"]
[SourceVersionDate "2023.10.10"]
[SourceQuality "1"]

1. d4 Nf6 2. Bg5 g6 3. Bxf6 exf6 4. e3 d5 5. g3 c6 6. Ne2 Bd6 7. Bg2 0-0 8. Nd2 f5 9. 0-0 Be6 10. Nf4 Nd7 11. Nxe6 fxe6 12. f4 Nf6 13. Nf3 h6 14. c3 Rf7 15. Ne5 Rg7 16. Bf3 g5 17. Kf2 gxf4 18. exf4 Bxe5 19. fxe5 Ne4+ 20. Bxe4 fxe4 21. Qh5 Qg5 22. Qxg5 Rxg5 23. Ke3 Rf8 24. Rxf8+ Kxf8 25. Rf1+ Kg7 26. Rf6 Rg6 27. Rf2 h5 28. Rf4 1/2-1/2

[Event "South America-ch U14 13th"]
[Site "Santiago de Chile"]
[Date "2016.12.02"]
[Round "3"]
[White "Ojeda Venegas, Tomas Fernando"]
[Black "Faingerch, Sebastian"]
[Result "1/2-1/2"]
[WhiteElo "2020"]
[BlackElo "1831"]
[PlyCount "93"]
[EventDate "2016.12.01"]
[EventType "swiss"]
[EventRounds "9"]
[EventCountry "CHI"]
[SourceTitle "EXT 2018"]
[Source "ChessBase"]
[SourceDate "2017.10.13"]
[SourceVersion "1"]
[SourceVersionDate "2017.10.13"]
[SourceQuality "1"]

1. e4 e6 2. d4 d5 3. Nc3 Bb4 4. Nge2 dxe4 5. a3 Be7 6. Nxe4 Nf6 7. N2g3 Nbd7 8. Bd3 Nxe4 9. Nxe4 Nf6 10. Be3 c6 11. 0-0 0-0 12. c3 Qc7 13. Qf3 Nd5 14. Qh5 f5 15. Ng5 Bxg5 16. Bxg5 Nf4 17. Bxf4 Qxf4 18. Qe2 Bd7 19. Rfe1 Rae8 20. Qc2 Rf6 21. Re5 Rh6 22. g3 Qg4 23. f3 Qg5 24. f4 Qh5 25. Qe2 Qf7 26. Re1 Rf6 27. Bc4 Kf8 28. Qf2 a6 29. Bb3 h5 30. h4 Qe7 31. R1e3 g6 32. Qe2 Qd6 33. Qc4 Kf7 34. Qb4 Qxb4 35. axb4 Ke7 36. Re1 Kd6 37. Kf2 Rf7 38. Ke3 Rfe7 39. Kd3 Bc8 40. Ra1 Bd7 41. c4 Kc7 42. Rae1 Bc8 43. Kc3 Kd6 44. R1e3 b5 45. c5+ Kd7 46. Re1 Bb7 47. Ba2 1/2-1/2

[Event "Santiago 2000+ op 1ER"]
[Site "Santiago de Chile"]
[Date "2016.10.29"]
[Round "2.3"]
[White "Ojeda Venegas, Tomas Fernando"]
[Black "Gomez Barrera, Javiera Belen"]
[Result "1-0"]
[WhiteElo "2004"]
[BlackElo "2081"]
[PlyCount "59"]
[EventDate "2016.10.29"]
[EventType "swiss"]
[EventRounds "5"]
[EventCountry "CHI"]
[SourceTitle "EXT 2024"]
[Source "ChessBase"]
[SourceDate "2023.10.10"]
[SourceVersion "1"]
[SourceVersionDate "2023.10.10"]
[SourceQuality "1"]

1. e4 e5 2. Nf3 Nc6 3. d4 exd4 4. Nxd4 Bc5 5. Nb3 Bb6 6. Qe2 Qf6 7. Nc3 Nge7 8. Be3 Bxe3 9. Qxe3 0-0 10. 0-0-0 a6 11. f3 d6 12. h4 Ne5 13. Be2 Be6 14. h5 b5 15. g4 h6 16. f4 Nc4 17. Bxc4 bxc4 18. g5 hxg5 19. fxg5 Qe5 20. Nd4 Nd5 21. Nxd5 Bxd5 22. Rh4 Rab8 23. c3 Ba8 24. g6 f5 25. h6 f4 26. Qh3 gxh6 27. Qd7 Qg7 28. Qe6+ Kh8 29. Rdh1 Qf6 30. Rxh6+ 1-0

[Event "Santiago 2000+ op 1ER"]
[Site "Santiago de Chile"]
[Date "2016.10.29"]
[Round "5.1"]
[White "Olivares Olivares, Claudio"]
[Black "Ojeda Venegas, Tomas Fernando"]
[Result "1-0"]
[WhiteElo "2235"]
[BlackElo "2004"]
[PlyCount "67"]
[EventDate "2016.10.29"]
[EventType "swiss"]
[EventRounds "5"]
[EventCountry "CHI"]
[SourceTitle "EXT 2024"]
[Source "ChessBase"]
[SourceDate "2023.10.10"]
[SourceVersion "1"]
[SourceVersionDate "2023.10.10"]
[SourceQuality "1"]

1. e4 c5 2. Nf3 d6 3. d4 cxd4 4. Nxd4 Nf6 5. Nc3 a6 6. h3 e5 7. Nde2 h5 8. g3 Be6 9. Bg2 Nc6 10. Bg5 Be7 11. 0-0 Qd7 12. Bxf6 Bxf6 13. Nd5 Bxd5 14. Qxd5 0-0 15. Rad1 Rfd8 16. Qd2 Rac8 17. h4 Ne7 18. c3 Qb5 19. b3 Qa5 20. Bh3 Rc6 21. c4 Qxd2 22. Rxd2 b5 23. cxb5 axb5 24. Rfd1 Kf8 25. Kf1 g6 26. a4 b4 27. Ra2 Nc8 28. Rd5 Na7 29. Ra5 Rc7 30. Ra6 Ke7 31. Rb6 d5 32. exd5 Rxd5 33. Rxb4 Nc6 34. Rc4 1-0

[Event "Santiago 2000+ op 1ER"]
[Site "Santiago de Chile"]
[Date "2016.10.29"]
[Round "1.4"]
[White "Vergara Jofre, Felipe Andres"]
[Black "Ojeda Venegas, Tomas Fernando"]
[Result "1-0"]
[WhiteElo "2115"]
[BlackElo "2004"]
[PlyCount "71"]
[EventDate "2016.10.29"]
[EventType "swiss"]
[EventRounds "5"]
[EventCountry "CHI"]
[SourceTitle "EXT 2024"]
[Source "ChessBase"]
[SourceDate "2023.10.10"]
[SourceVersion "1"]
[SourceVersionDate "2023.10.10"]
[SourceQuality "1"]

1. e4 c5 2. Nf3 d6 3. d4 cxd4 4. Nxd4 Nf6 5. f3 a6 6. c4 Nc6 7. Nc3 g6 8. Be3 Bg7 9. Qd2 Nxd4 10. Bxd4 0-0 11. Be2 Be6 12. 0-0 Rc8 13. b3 Nd7 14. Bxg7 Kxg7 15. f4 f6 16. Rad1 Qa5 17. Rf3 Rc7 18. Kh1 Rfc8 19. f5 Bf7 20. fxg6 hxg6 21. Rh3 g5 22. Bg4 Rh8 23. Rxh8 Kxh8 24. Bxd7 Rxd7 25. Qe3 Rc7 26. h4 Kg7 27. Nd5 Bxd5 28. Rxd5 Qxa2 29. hxg5 Qa1+ 30. Kh2 Rc8 31. gxf6+ exf6 32. Rh5 Rg8 33. Qg3+ Kf8 34. Qxd6+ Ke8 35. Qe6+ Kf8 36. Qc8+ 1-0

[Event "South America-ch U12 12th"]
[Site "Santa Cruz"]
[Date "2015.12.05"]
[Round "5"]
[White "Ojeda Venegas, Tomas Fernando"]
[Black "Rojas, Steven"]
[Result "0-1"]
[WhiteElo "1867"]
[BlackElo "1790"]
[PlyCount "80"]
[EventDate "2015.12.02"]
[EventType "swiss"]
[EventRounds "9"]
[EventCountry "BOL"]
[SourceTitle "CBM 170 Extra"]
[Source "ChessBase"]
[SourceDate "2016.02.25"]
[SourceVersion "1"]
[SourceVersionDate "2016.02.25"]
[SourceQuality "1"]

1. e4 e6 2. d4 d5 3. Nc3 Nf6 4. Bg5 Bb4 5. e5 h6 6. Bd2 Bxc3 7. bxc3 Ne4 8. Qg4 g6 9. Bd3 Nxd2 10. Kxd2 c5 11. Qf4 c4 12. Be2 b5 13. Rb1 Qa5 14. Nf3 Nc6 15. Qe3 Rb8 16. g4 Qa4 17. h4 b4 18. h5 g5 19. Rhf1 0-0 20. Nh2 bxc3+ 21. Qxc3 Nb4 22. Qb2 Ba6 23. c3 Nd3 24. Qc2 Qxc2+ 25. Kxc2 Rxb1 26. Kxb1 f6 27. exf6 Rxf6 28. f3 e5 29. dxe5 Rb6+ 30. Ka1 Re6 31. Bxd3 cxd3 32. f4 gxf4 33. Rxf4 Rxe5 34. Nf3 Re1+ 35. Kb2 Rf1 36. Rf5 Rxf3 37. Rxf3 d2 38. Rf1 Bxf1 39. Kc2 Be2 40. Kxd2 Bxg4 0-1

[Event "South America-ch U12 12th"]
[Site "Santa Cruz"]
[Date "2015.12.04"]
[Round "4"]
[White "Titichoca Daza, Daniel Henry"]
[Black "Ojeda Venegas, Tomas Fernando"]
[Result "0-1"]
[WhiteElo "1676"]
[BlackElo "1867"]
[PlyCount "63"]
[EventDate "2015.12.02"]
[EventType "swiss"]
[EventRounds "9"]
[EventCountry "BOL"]
[SourceTitle "CBM 170 Extra"]
[Source "ChessBase"]
[SourceDate "2016.02.25"]
[SourceVersion "1"]
[SourceVersionDate "2016.02.25"]
[SourceQuality "1"]

1. e4 c5 2. Nc3 Nc6 3. Bb5 d6 4. Bxc6+ bxc6 5. f4 e6 6. Nf3 Ne7 7. d3 g6 8. 0-0 Bg7 9. Qe1 d5 10. Kh1 Rb8 11. Na4 c4 12. dxc4 Ba6 13. Ne5 Bxe5 14. fxe5 Bxc4 15. Rf2 dxe4 16. Rd2 Qa5 17. b3 Bd5 18. Bb2 c5 19. Rad1 Nf5 20. Nc3 e3 21. Re2 Bc6 22. Qf1 0-0 23. Rde1 Nd4 24. Rxe3 Nxc2 25. Bc1 Nxe1 26. Qxe1 Rbd8 27. Bd2 Qc7 28. Ne4 Bxe4 29. Rxe4 Rd5 30. Be3 Rfd8 31. Qh4 Rd1+ 32. Bg1 0-1

[Event "South America-ch U12 12th"]
[Site "Santa Cruz"]
[Date "2015.12.03"]
[Round "2"]
[White "Antezana, Sergio"]
[Black "Ojeda Venegas, Tomas Fernando"]
[Result "1/2-1/2"]
[WhiteElo "1610"]
[BlackElo "1867"]
[PlyCount "63"]
[EventDate "2015.12.02"]
[EventType "swiss"]
[EventRounds "9"]
[EventCountry "BOL"]
[SourceTitle "CBM 170 Extra"]
[Source "ChessBase"]
[SourceDate "2016.02.25"]
[SourceVersion "1"]
[SourceVersionDate "2016.02.25"]
[SourceQuality "1"]

1. e4 c5 2. Nf3 e6 3. d4 cxd4 4. Nxd4 Nc6 5. Nc3 a6 6. Be3 Qc7 7. Be2 Nf6 8. a3 Be7 9. Qd2 d6 10. 0-0 Ne5 11. f4 Neg4 12. Kh1 Nxe3 13. Qxe3 0-0 14. Rae1 b6 15. Bd3 Nd7 16. e5 dxe5 17. fxe5 Nc5 18. Be2 Bb7 19. b4 Nd7 20. Bd3 h6 21. Nd1 Bg5 22. Qg3 Rad8 23. Nf3 Be7 24. Nf2 a5 25. Ng4 f5 26. exf6 Qxg3 27. hxg3 Nxf6 28. Rxe6 Nxg4 29. Rxe7 Bd5 30. bxa5 bxa5 31. Ra7 Rde8 32. Rxa5 1/2-1/2

[Event "Serrano op 1st"]
[Site "Serrano"]
[Date "2015.10.05"]
[Round "7"]
[White "Ojeda Venegas, Tomas Fernando"]
[Black "Tapia Wenderoth, Vicente"]
[Result "0-1"]
[WhiteElo "1813"]
[BlackElo "2104"]
[PlyCount "34"]
[EventDate "2015.09.07"]
[EventType "swiss"]
[EventRounds "7"]
[EventCountry "CHI"]
[SourceTitle "EXT 2017"]
[Source "ChessBase"]
[SourceDate "2016.10.25"]
[SourceVersion "1"]
[SourceVersionDate "2016.10.25"]
[SourceQuality "1"]

1. e4 c6 2. d4 d5 3. e5 Bf5 4. g4 Bd7 5. c4 dxc4 6. Bxc4 e6 7. Nc3 Ne7 8. Bg5 h6 9. Be3 Nd5 10. Nxd5 exd5 11. Bd3 Qb6 12. Qe2 Bb4+ 13. Kf1 Be7 14. h4 c5 15. dxc5 Bxc5 16. Bxc5 Qxc5 17. Nh3 Nc6 0-1

[Event "Serrano op 1st"]
[Site "Serrano"]
[Date "2015.09.30"]
[Round "6"]
[White "Ojeda Venegas, Tomas Fernando"]
[Black "Cuevas Araya, Walter"]
[Result "0-1"]
[WhiteElo "1813"]
[BlackElo "2193"]
[PlyCount "34"]
[EventDate "2015.09.07"]
[EventType "swiss"]
[EventRounds "7"]
[EventCountry "CHI"]
[SourceTitle "EXT 2017"]
[Source "ChessBase"]
[SourceDate "2016.10.25"]
[SourceVersion "1"]
[SourceVersionDate "2016.10.25"]
[SourceQuality "1"]

1. e4 e5 2. Nf3 Nc6 3. d4 exd4 4. Nxd4 Nf6 5. Nxc6 bxc6 6. e5 Qe7 7. Qe2 Nd5 8. c4 Ba6 9. Bd2 g6 10. Nc3 Bg7 11. f4 0-0 12. Ne4 Nb6 13. b3 d5 14. exd6 cxd6 15. Rc1 Rfe8 16. Nf2 Qf8 17. Be3 Nd5 0-1

[Event "Serrano Sertal 1st"]
[Site "Serrano"]
[Date "2015.09.01"]
[Round "1.10"]
[White "Ojeda Venegas, Tomas Fernando"]
[Black "Tapia Fuentes, Jaime"]
[Result "0-1"]
[WhiteElo "1813"]
[BlackElo "2225"]
[PlyCount "118"]
[EventDate "2015.09.01"]
[EventType "swiss"]
[EventRounds "7"]
[EventCountry "CHI"]
[SourceTitle "EXT 2024"]
[Source "ChessBase"]
[SourceDate "2023.10.10"]
[SourceVersion "1"]
[SourceVersionDate "2023.10.10"]
[SourceQuality "1"]

1. e4 c5 2. Nf3 d6 3. d4 cxd4 4. Nxd4 Nf6 5. Nc3 g6 6. f4 Nbd7 7. Bc4 Bg7 8. 0-0 0-0 9. f5 Ne5 10. Bb3 Bd7 11. h3 Rc8 12. Qe2 a6 13. Bf4 Nh5 14. Rad1 Nxf4 15. Rxf4 b5 16. Nd5 Nc4 17. Bxc4 Rxc4 18. c3 e5 19. fxe6 fxe6 20. Rxf8+ Bxf8 21. Ne3 Rc5 22. Rf1 Qe7 23. Ng4 Bg7 24. Qf3 Rc8 25. Nf6+ Bxf6 26. Qxf6 Qxf6 27. Rxf6 Kg7 28. Rf2 Rc4 29. Rd2 Kf6 30. Kf2 Ke7 31. Ke3 e5 32. Ne2 h5 33. b3 Rc8 34. Rd1 Be6 35. Rd2 a5 36. Rb2 Rb8 37. Nc1 Rc8 38. Ne2 h4 39. Rd2 g5 40. Rc2 Rf8 41. Rc1 a4 42. c4 Rc8 43. cxb5 Rxc1 44. Nxc1 a3 45. Kd3 d5 46. Ne2 d4 47. Nc1 Kd6 48. Kc2 Bd7 49. b6 Bc6 50. Kd3 Bb5+ 51. Kd2 Bf1 52. Nd3 Bxg2 53. Nxe5 Bxe4 54. Nf7+ Kc6 55. Nxg5 Bd5 56. Kd3 Bxb3 57. Nf3 Bxa2 58. Nxd4+ Kxb6 59. Nf3 Bd5 0-1

[Event "Santiago Club Chile 2nd"]
[Site "Santiago de Chile"]
[Date "2015.08.03"]
[Round "1.3"]
[White "Ojeda Venegas, Tomas Fernando"]
[Black "Rosa Valenzuela, Fernando"]
[Result "1-0"]
[WhiteElo "1723"]
[BlackElo "2071"]
[PlyCount "80"]
[EventDate "2015.08.03"]
[EventType "swiss"]
[EventRounds "7"]
[EventCountry "CHI"]
[SourceTitle "EXT 2024"]
[Source "ChessBase"]
[SourceDate "2023.10.10"]
[SourceVersion "1"]
[SourceVersionDate "2023.10.10"]
[SourceQuality "1"]

1. e4 e5 2. d4 exd4 3. Qxd4 Nc6 4. Qe3 Nf6 5. Nc3 Bb4 6. Bd2 0-0 7. 0-0-0 d6 8. f3 Bc5 9. Qe1 a6 10. Bg5 h6 11. Bh4 g5 12. Bf2 Bxf2 13. Qxf2 Be6 14. g4 Kg7 15. h4 Rh8 16. hxg5 hxg5 17. Rxh8 Qxh8 18. Nh3 Qh6 19. Qd2 Nh7 20. Bg2 f6 21. Rh1 Rg8 22. Nf2 Qg6 23. Bf1 Ne5 24. Be2 Qf7 25. Kb1 Nf8 26. Nfd1 Nfg6 27. Ne3 Nf4 28. Ncd5 Nxd5 29. exd5 Bc8 30. Bd3 Rh8 31. Rxh8 Kxh8 32. Qh2+ Kg8 33. Be4 Bd7 34. Qg2 b5 35. Bf5 Bxf5 36. Nxf5 Qh7 37. b3 Kf8 38. Kb2 b4 39. Qf2 Qh3 40. Qa7 Qxf3 1-0